000 00835nam a22002177a 4500
003 DO-SdBNP
005 20210617135501.0
008 210617b 2018 dr ac 00| 0 eng d
020 _a9789945803013
040 _aDO-SdBNP
_bspa
_cBNPHU
100 1 _aBelliard, Rosa María
_978904
245 1 0 _aEducación cívica y ciudadana /
_cMaría Rosa Belliard.
246 _aEducación cívica y ciudadana :
_bguía para recuperar los valores sociales y humanos y fortalecer las normas de civilidad.
260 _aSanto Domingo :
_bCorripio,
_c2018.
300 _a226 p. :
_bil., retrs, ,
_c23 cm.
500 _aIncluye datos biográficos de la autora en las solapas
504 _aBibliografía : p. 226
590 _aInventariado, 2021 /LP
590 _aLa biblioteca posee 1 ejemplar autografiado por la autora
942 _2ddc
_cLBS1
999 _c49953
_d49953